| 000 | 00703nam a22002057a 4500 | ||
|---|---|---|---|
| 005 | 20180208152008.0 | ||
| 010 | _aENG-122215 | ||
| 020 |
_a9789387067578 _c499.00 |
||
| 035 | _aEN-105747 | ||
| 037 | _bDBAD/PUB | ||
| 082 | _a005.133 | ||
| 100 | _aKamthane,Ashok Namdev | ||
| 245 |
_aProgramming and problem solving with python/ _cby Ashok Namdev kamthane [and] Amit Ashok Kamthane |
||
| 260 |
_aChennai _bMcGraw Hill Education (India) _cc2018 |
||
| 270 |
_a444/1, Sri Ekambara Naicker Industrial Estate, Alapakkam,Porur _bChennai _e600116 |
||
| 300 |
_axxiv,398p. _b24cm(pbk) |
||
| 500 | _aIt includes index | ||
| 700 | _aKamthane,Amit Ashok | ||
| 942 |
_2ddc _cEN _h005.133 _mKAM |
||
| 999 |
_c149785 _d149785 |
||